| 000 | 00526nam a2200169Ia 4500 | ||
|---|---|---|---|
| 008 | 131103s9999 xx 000 0 und d | ||
| 020 | _cRs 46.00 | ||
| 040 | _aLoreto College | ||
| 041 | _aEnglish | ||
| 082 |
_a900/N/KHA _bLCBED/13344 |
||
| 245 |
_aIndia and the world _b history and civics for middle school _cHindustan Times Leadership initiatives. Edited by Namita Bhandare |
||
| 260 |
_a[s.n] _bOrient longman _c[19?] |
||
| 300 |
_a126p _c 23 cm |
||
| 650 | _aWorld history | ||
| 850 | _aLCBED/900/N/KHA | ||
| 942 | _cBK | ||
| 999 |
_c28965 _d79444 |
||